000 00308nam a22001457a 4500
003 SGT
020 _a9789354658778
082 _a615
_bGAR
100 _aGARG GOBIND RAI
245 _aREVIEW OF PHARMACOLOGY
250 _a16TH
260 _aINDIA
_bJAYPEE PUB
_c2026
300 _a532
942 _2ddc
_cBK
999 _c34472
_d34472